|
|
|
|
| LEADER |
00621nam a22001931a 4500 |
| 020 |
|
|
|a 9788187412014
|c 0.00
|
| 040 |
|
|
|a SSUS - Library - Kalady
|
| 082 |
|
|
|a 958.1
|b SRE/A
|
| 100 |
|
|
|a Sreedhar
|
| 245 |
|
|
|a Afgan bukzkashi : power games and gamesmen (v.1)
|h [Text]
|
| 260 |
|
|
|a Delhi
|b Wordsmiths
|c 2000
|
| 300 |
|
|
|a 286p.
|
| 600 |
|
|
|a History
|
| 600 |
|
|
|a History Afghanistan
|
| 700 |
|
|
|a Mahendra Ved
|
| 852 |
|
|
|h 958.1
|i SRE/A
|p 033488
|9 900.00
|t 0
|
| 942 |
|
|
|c BK
|
| 999 |
|
|
|c 1204
|d 1204
|
| 952 |
|
|
|0 0
|1 0
|4 0
|6 958_100000000000000_SRE_A
|7 0
|9 1914
|a SSUS
|b SSUS
|d 2015-01-08
|g 900.00
|o 958.1 SRE/A
|p 033488
|r 2015-01-08
|v 0.00
|w 2015-01-08
|y BK
|